00517nam a2200157 a 4500008004100000020002300041100002200064245009400086260004100180300002700221504005300248650003100301003000100332005001700333040000900350  a9231029398 (pbk.)1 aBorrero, Alfonso.14aThe university as an institution today :btopics for reflection /cAlfonso Borrero Cabal. aOttawa :bUNESCO Publishing,cc1993. axxiv, 238 p. ;c22 cm. aIncludes bibliographical references: p. 218-238. 0aUniversities and colleges.20230123133727.0 cNUST